000 01392cam a22001815a 4500
001 L156381
008 120515s1828 xxk f 000 0 eng d
035 _a(Sirsi) u156381
041 0 _aeng
245 0 2 _aA view of the tunnel under the Thames, as it will appear when completed
_bthe carriage ways will be circular : foot passengers will descent the shafts by stairs : dimensions of the tunnel, length from shaft to shaft where foot passengers descend, 1300 feet, height from carriageway to the roof, 15 feet 4 in., width of the arches, 16f. 3 in., depth of the shafts 50 feet, dimensions of the brickwork 37 ft. by 22 ft. : Engineer, Mr. Brunell.
260 _a[London]
_bPubd. ... by S. F. Gouyn
_c1828
300 _a[8] leaves of plates
_bcol. ill.
_c12 x 15 cm.
520 _aTelescopic peep show; view with people, vehicles, and forces from the Wapping entrance side. Cover title and imprint. Seven cut out panels and backdrop plate connected to front cover at top and bottom and to covers by bands of accordion-pleated paper; final plate mounted on back cover. Hand-colored engraved illustrations. Front cover has single oval peephole; two piece vignette mounted on top and bottom bands' first fold moves out of view when peep show is stretched open.
583 _aCondition reviewed
_c20120620
_lcondition level 4
651 4 _aLondon
690 _aInfrastructure
_96246
942 _n0
999 _c114224
_d114224